| 000 | 005890c a2200193 4500 | ||
|---|---|---|---|
| 999 |
_c74378 _d74378 |
||
| 005 | 20170925133025.0 | ||
| 008 | a t19881988mx a spa | ||
| 020 | _a9686164332 | ||
| 050 |
_aHD9574.M4 _b P48 1988 |
||
| 245 |
_aEl Petróleo en Veracruz / _cJavier Santos Llorente...[et al.] |
||
| 250 | _aEdición conmemorativa | ||
| 260 |
_aMéxico : _bPetróleos Mexicanos, _c1988 |
||
| 300 |
_a226 p. : _bil. ; _c23 cm. |
||
| 504 | _aIncluye índice | ||
| 650 |
_aPetróleo _zMéxico _zVeracruz |
||
| 650 |
_aPetróleo _xVeracruz |
||
| 700 | _aSantos Llorente, Javier, coaut. | ||
| 942 |
_2lcc _cLIB |
||